| 000 | nam a22 a 4500 | ||
|---|---|---|---|
| 999 |
_c1170 _d1170 |
||
| 003 | AKMAL | ||
| 005 | 20170508145349.0 | ||
| 008 | 170508s2002 my l 00 eng d | ||
| 020 |
_a9678912384 (pbk.): _cRM10.00 |
||
| 040 | _aAKMAL | ||
| 082 | 0 | 4 |
_a343.595056 FRE _221 |
| 090 | 0 | 0 |
_a343.595056 _bFRE |
| 110 | 1 |
_aMalaysia _9400 |
|
| 240 | 1 | 0 |
_aAkta Zon Bebas, 1990. _lEnglish |
| 245 | 1 | 0 |
_aFree Zones Act 1990 (Act 438) : _b(as at 1st March 2002) / _ccompiled by Legal Research Board |
| 260 |
_aPetaling Jaya : _bInternational Law Book Services, _c2002 |
||
| 300 | 0 | 0 |
_a40p. ; _c24cm |
| 650 | 0 |
_aFree ports and zones _xLaw and legislation _zMalaysia _92242 |
|
| 650 | 0 |
_aSales tax _xLaw and legislation _zMalaysia _9621 |
|
| 650 | 0 |
_aCustoms administration _xLaw and legislation _zMalaysia _92373 |
|
| 710 | 2 |
_aLembaga Penyelidikan Undang-Undang _92374 |
|
| 942 |
_2ddc _cBOOK |
||
| 950 | _lAKMAL | ||